| 000 | 00000nam 2200000zi 4500 |
| 001 | 9.937045 |
| 003 | CaOODSP |
| 005 | 20240806095326 |
| 006 | m o d f |
| 007 | cr cn||||||||| |
| 008 | 240418t20242024onc o f000 0 eng d |
| 020 | |a9780660714561 |
| 040 | |aCaOODSP|beng|erda|cCaOODSP |
| 043 | |an-cn--- |
| 086 | 1 |aRv4-131/2024E-PDF |
| 245 | 00|aCanada Child Benefit Program : |b2023-2024 satisfaction survey : final report. |
| 264 | 1|a[Ottawa] : |bCanada Revenue Agency = Agence du revenu du Canada, |c2024. |
| 264 | 4|c©2024 |
| 300 | |a1 online resource (35 pages) + |eexecutive summary (5 pages) |
| 336 | |atext|btxt|2rdacontent |
| 337 | |acomputer|bc|2rdamedia |
| 338 | |aonline resource|bcr|2rdacarrier |
| 500 | |aIssued also in French under title: Programme de l’Allocation canadienne pour enfants : Sondage sur la satisfaction de 2023-2024 : rapport définitif. |
| 500 | |aCover title. |
| 500 | |a"Prepared for the Canada Revenue Agency." |
| 500 | |a"Supplier name: The Strategic Counsel." |
| 500 | |a"Contract Number: CW2338628 (46558-25-8554/CY)." |
| 500 | |a"Registration Number: POR-094-23." |
| 610 | 20|aNational Child Benefit (Canada)|xPublic opinion. |
| 650 | 0|aFamily allowances|zCanada|xPublic opinion. |
| 650 | 0|aPublic opinion|zCanada. |
| 710 | 2 |aCanada Revenue Agency, |eissuing body. |
| 710 | 2 |aStrategic Counsel (Firm), |eissuing body. |
| 775 | 08|tProgramme de l’Allocation canadienne pour enfants : |w(CaOODSP)9.937047 |
| 795 | |tCanada Child Benefit Program : |w(CaOODSP)9.927098 |
| 856 | 40|qPDF|s1.05 MB|uhttps://publications.gc.ca/collections/collection_2024/arc-cra/Rv4-131-2024-eng.pdf|zFinal report |
| 856 | 40|qPDF|s797 KB|uhttps://publications.gc.ca/collections/collection_2024/arc-cra/Rv4-131-2024-1-eng.pdf|zExecutive summary |
| 856 | 4 |qHTML|sN/A|uhttps://epe.bac-lac.gc.ca/100/200/301/pwgsc-tpsgc/por-ef/canada_revenue_agency/2024/094-23-e/094-23-report.html|zFinal report |
| 856 | 4 |qHTML|sN/A|uhttps://epe.bac-lac.gc.ca/100/200/301/pwgsc-tpsgc/por-ef/canada_revenue_agency/2024/094-23-e/summary/094-23-summary.html|zExecutive summary |